Két versfordítás és egy eredeti névtelen (az isten tudja mikor ötvenévessé érett E.P.-nek ajánlva, hogy cipőkefélés közben is az eget kémlelje)

Bibliographic Details
Main Author: Végh Zsoldos, Péter, 1952- (Author)
Format: Article
Language:Slovak
Hungarian
ISSN:1335-1826
Subjects:

MARC

LEADER 00000nab a2200000 a 4500
001 vtls000722964
003 SK-MaSNL
005 20260304113517.0
008 250429c2000 xo 0 slo
015 |a SNBRB2000/05-14401 
035 |a CLN000075131 
035 |a urn:nbn:sk:snk-abjt9 
035 |a (urnnbn)urn:nbn:sk:snk:ar-003dfl 
035 |a (uuid)ed239a5d-4076-4974-aacc-ba8d78252962 
040 |a SNKBUCL  |b slo  |c SNKBUCL  |e AACR2 
041 0 |a hun 
044 |a xo  |c SK 
080 |a 894.511 (437.6)-1=945.11  |2 1997 
100 1 |a Végh Zsoldos, Péter,  |d 1952-  |4 aut  |9 18493 
245 1 0 |a Két versfordítás és egy eredeti névtelen  |b (az isten tudja mikor ötvenévessé érett E.P.-nek ajánlva, hogy cipőkefélés közben is az eget kémlelje)  |c Végh Zsoldos Péter 
600 1 7 |a Esterházy, Péter,  |d 1950-2016  |2 snkbucl  |9 52788 
655 7 |a maďarská poézia  |2 snkbucl  |9 70602 
655 7 |a dedikačná poézia  |2 snkbucl  |9 240053 
655 7 |a články z novín a časopisov  |2 snkbucl  |9 267496 
773 0 |t Kalligram  |g Č. 4 (2000), s. 41-44  |x 1335-1826 
850 |a Slovenská národná knižnica 
852 |a Slovenská národná knižnica 
958 |a article27 
958 |a OND 
958 |a HU 
958 |a SK 
958 |a LX 
992 |a RBX 
999 |c 2869739  |d 2871669